Quick Typing Test - Statistics

General Stats
  • This quiz has been taken 59 times
  • The average score is 45 of 55
Answer Stats
Hint Answer % Correct
, ,
100%
. .
100%
. .
100%
! !
100%
!!!! !!!!
100%
! !
100%
! !
100%
A a
96%
How how
96%
Hello Hello
94%
I i
91%
I I
91%
I I
91%
Are are
89%
Hope hope
89%
Hope Hope
89%
Is is
89%
Is Is
89%
Is is
89%
It it
89%
That that
89%
Today today
89%
You you
89%
You You
89%
Quiz quiz
87%
Quiz Quiz
87%
This this
87%
This This
87%
This This
87%
This This
87%
Am am
83%
Going going
83%
Well well
83%
Creating creating
81%
Fingers Fingers
81%
100 100
79%
Bench bench
79%
On on
79%
Outside outside
77%
Crossed Crossed
72%
In In
72%
Percent Percent
70%
Succeed Succeed
70%
Please Please
68%
And And
64%
And And
64%
Like Like
64%
Nachos Nachos
62%
Nominate Nominate
60%
Tacos Tacos
60%
50 50
57%
Words Words
55%
Final final
49%
The the
47%
Row! row!
45%
No matching quizzes found
Score Distribution
Percent of People with Each Score
Percentile by Number Answered
Your Score History
You have not taken this quiz